[Event "Torneo de Otoño C.C.C. 2014"]
[Site "Colmenarejo ESP"]
[Date "2014.09.28"]
[Round "1.1"]
[White "Orantes Sanz, Ricardo"]
[Black "Perez De Villar Munoz, Eusebio"]
[Result "0-1"]
[WhiteElo "1638"]
[BlackElo "1981"]
[PlyCount "64"]
[EventDate "2014.09.28"]
[EventType "swiss"]
[EventRounds "7"]
[EventCountry "ESP"]
[Source "lmi"]
[SourceDate "2014.09.28"]

1. Nf3 e6 2. c4 f5 3. d3 Nf6 4. g3 Be7 5. Bg2 O-O 6. Nc3 c6 7. a3 d5 8. cxd5
exd5 9. Qb3 Nbd7 10. Be3 Ng4 11. Nxd5 cxd5 12. Qxd5+ Kh8 13. Bf4 Nb6 14. Qa2
Qd5 15. b3 Be6 16. h3 Nf6 17. Rb1 Nh5 18. Nh4 Qd7 19. Be5 f4 20. Qa1 fxg3 21.
fxg3 Bf6 22. Nf3 Nxg3 23. Rg1 Nf5 24. Nd2 Bh4+ 25. Kd1 Ne3+ 26. Kc1 Bf2 27. Kb2
Rac8 28. Bc3 Rxc3 29. Kxc3 Nxg2 30. Nf3 Rc8+ 31. Kb2 Na4+ 32. bxa4 Bd4+ 0-1

[Event "Torneo de Otoño C.C.C. 2014"]
[Site "Colmenarejo ESP"]
[Date "2014.09.28"]
[Round "1.2"]
[White "Serrano Martinez, Francisco Jo"]
[Black "Melcon Diez, Enrique"]
[Result "1-0"]
[WhiteElo "1918"]
[BlackElo "1623"]
[PlyCount "79"]
[EventDate "2014.09.28"]
[EventType "swiss"]
[EventRounds "7"]
[EventCountry "ESP"]
[Source "lmi"]
[SourceDate "2014.09.28"]

1. e4 c5 2. Nf3 g6 3. d4 cxd4 4. Nxd4 Bg7 5. Nc3 Nc6 6. Be3 Nf6 7. Bc4 O-O 8.
Bb3 d6 9. h3 Bd7 10. Qd2 Na5 11. O-O Nxb3 12. axb3 a6 13. Bh6 Rc8 14. Bxg7 Kxg7
15. Qe3 Qc7 16. Nd5 Nxd5 17. exd5 e5 18. dxe6 fxe6 19. Nxe6+ Bxe6 20. Qxe6 Qxc2
21. Qxd6 Qxb2 22. Qd7+ Kh8 23. Qxb7 Rb8 24. Qxa6 Ra8 25. Qd6 Rad8 26. Rab1 Qc2
27. Qe5+ Kg8 28. Qb2 Rd2 29. Qxc2 Rxc2 30. b4 Rf4 31. Rb3 Kf7 32. b5 Ke7 33. b6
Rf8 34. b7 Rb8 35. Rfb1 Rc7 36. g4 g5 37. Rb5 Kf6 38. Rf5+ Ke6 39. Rb6+ Ke7 40.
Rxg5 1-0

[Event "Torneo de Otoño C.C.C. 2014"]
[Site "Colmenarejo ESP"]
[Date "2014.09.28"]
[Round "1.3"]
[White "Perea Unceta, Luis"]
[Black "Lopez Perolio, Jorge"]
[Result "0-1"]
[WhiteElo "1575"]
[BlackElo "1835"]
[PlyCount "102"]
[EventDate "2014.09.28"]
[EventType "swiss"]
[EventRounds "7"]
[EventCountry "ESP"]
[Source "lmi"]
[SourceDate "2014.09.28"]

1. d4 Nf6 2. c4 g6 3. Nc3 d5 4. Nf3 Bg7 5. Bf4 O-O 6. e3 c6 7. h3 Nbd7 8. Bd3
dxc4 9. Bxc4 Nb6 10. Bd3 Nbd5 11. Bh2 Qb6 12. Qc2 Nb4 13. Qd2 Nxd3+ 14. Qxd3
Qb4 15. O-O Be6 16. b3 Nd5 17. Nxd5 cxd5 18. Rac1 Rac8 19. g4 Bd7 20. Qd2 Qa3
21. Ne5 Bb5 22. Rfe1 Qa6 23. a4 Bc6 24. Nxc6 Rxc6 25. Rxc6 Qxc6 26. Rc1 Qb6 27.
b4 f5 28. g5 Qe6 29. Bf4 Rc8 30. f3 Rc4 31. Rxc4 dxc4 32. Qc3 Qd5 33. Kf2 a6
34. Ke2 Kf7 35. h4 e6 36. Bg3 Bf8 37. Be1 Bd6 38. Kf2 e5 39. Ke2 b5 40. a5 Ke6
41. Kf2 exd4 42. Qxd4 Qe5 43. f4 Qxd4 44. exd4 Bxf4 45. Kf3 Bc1 46. Bc3 Kd5 47.
Ke2 Ke4 48. Ba1 Bf4 49. Bc3 Bg3 50. Bd2 Kxd4 51. Be3+ Ke4 0-1

[Event "Torneo de Otoño C.C.C. 2014"]
[Site "Colmenarejo ESP"]
[Date "2014.09.28"]
[Round "1.4"]
[White "Garcia Diaz, Alejandro"]
[Black "Firth, Roy Arthur"]
[Result "1-0"]
[WhiteElo "1816"]
[BlackElo "1474"]
[PlyCount "75"]
[EventDate "2014.09.28"]
[EventType "swiss"]
[EventRounds "7"]
[EventCountry "ESP"]
[Source "lmi"]
[SourceDate "2014.09.28"]

1. e4 e5 2. f4 d6 3. Nf3 Bg4 4. Bc4 Nf6 5. h3 Bxf3 6. Qxf3 Nc6 7. c3 Be7 8. O-O
a6 9. Rd1 O-O 10. d4 Qc8 11. fxe5 dxe5 12. Bg5 Nd7 13. Be3 Na5 14. Bd3 f6 15.
Qg3 Kh8 16. Nd2 b5 17. b3 c5 18. d5 c4 19. Bc2 b4 20. cxb4 Bxb4 21. bxc4 Nxc4
22. Nxc4 Qxc4 23. Bd3 Qc3 24. Rac1 Qa3 25. Rc7 Rfd8 26. Qg4 Qa4 27. Bc2 Qxa2
28. Rc1 Qa3 29. Kf2 Bc5 30. Bxc5 Qxc1 31. Ba4 Qf4+ 32. Qxf4 exf4 33. Bxd7 a5
34. Ba4 Rdb8 35. d6 Rb2+ 36. Kf3 g5 37. d7 Rd2 38. Rc8+ 1-0

[Event "Torneo de Otoño C.C.C. 2014"]
[Site "Colmenarejo ESP"]
[Date "2014.09.28"]
[Round "1.5"]
[White "Pena Negueruela, Francisco"]
[Black "Fraga Suarez, Roberto"]
[Result "0-1"]
[WhiteElo "1372"]
[BlackElo "1810"]
[PlyCount "52"]
[EventDate "2014.09.28"]
[EventType "swiss"]
[EventRounds "7"]
[EventCountry "ESP"]
[Source "lmi"]
[SourceDate "2014.09.28"]

1. e4 Nf6 2. d3 d6 3. h3 c5 4. Nc3 Nc6 5. Nf3 e6 6. Bg5 Be7 7. Qd2 a6 8. a3 Qc7
9. O-O-O O-O 10. Be2 Rd8 11. Qf4 b5 12. d4 cxd4 13. Nxd4 e5 14. Qh4 Nxd4 15.
Bd3 Ne6 16. Nd5 Nxd5 17. exd5 Bxg5+ 18. Kb1 Bxh4 19. dxe6 Bxe6 20. g3 Bf6 21.
h4 Qa5 22. Be4 d5 23. Bg2 b4 24. Rd3 Rac8 25. Rhd1 bxa3 26. Rxa3 Qxa3 0-1

[Event "Torneo de Otoño C.C.C. 2014"]
[Site "Colmenarejo ESP"]
[Date "2014.09.28"]
[Round "1.6"]
[White "Mataix Fernandez, Ricardo"]
[Black "Martin Andres, Carlos"]
[Result "1-0"]
[WhiteElo "1796"]
[BlackElo "1309"]
[PlyCount "103"]
[EventDate "2014.09.28"]
[EventType "swiss"]
[EventRounds "7"]
[EventCountry "ESP"]
[Source "lmi"]
[SourceDate "2014.09.28"]

1. e4 e6 2. d4 d5 3. e5 c5 4. c3 Qb6 5. a3 Nc6 6. Nf3 cxd4 7. cxd4 Nge7 8. Bd3
Bd7 9. Bc2 Nf5 10. Bxf5 exf5 11. O-O Be7 12. Nc3 Be6 13. b4 Rc8 14. Na4 Qa6 15.
Nc5 Bxc5 16. bxc5 O-O 17. Be3 Ne7 18. h4 Bd7 19. Bg5 Rfe8 20. Re1 Kh8 21. Re3
Ng8 22. Rb3 Ba4 23. Qb1 Bxb3 24. Qxb3 h6 25. Bf4 Rcd8 26. Rb1 Rd7 27. a4 Re6
28. Qb5 Qxb5 29. axb5 Ne7 30. Ne1 Ng6 31. Bd2 b6 32. c6 Rc7 33. Bb4 f6 34. Bd6
Rc8 35. Nd3 Kh7 36. h5 Nh8 37. Nf4 Ree8 38. Nxd5 Nf7 39. Ne7 Rxe7 40. Bxe7 fxe5
41. d5 Re8 42. d6 e4 43. Ra1 Ra8 44. d7 f4 45. c7 a5 46. bxa6 b5 47. c8=Q Rxc8
48. dxc8=Q Ne5 49. Qf5+ g6 50. hxg6+ Nxg6 51. Qf7+ Kh8 52. Bf6# 1-0

[Event "Torneo de Otoño C.C.C. 2014"]
[Site "Colmenarejo ESP"]
[Date "2014.09.28"]
[Round "1.7"]
[White "Calle Redondo, Daniel"]
[Black "Juez Gastanaga, Aitor"]
[Result "1-0"]
[WhiteElo "1478"]
[BlackElo "1703"]
[PlyCount "59"]
[EventDate "2014.09.28"]
[EventType "swiss"]
[EventRounds "7"]
[EventCountry "ESP"]
[Source "lmi"]
[SourceDate "2014.09.28"]

1. e4 c5 2. d4 cxd4 3. c3 Nf6 4. e5 Nd5 5. cxd4 d6 6. Nf3 Nc6 7. Bc4 Nb6 8. Bb5
a6 9. Bxc6+ bxc6 10. O-O dxe5 11. dxe5 Qxd1 12. Rxd1 Bg4 13. Rd3 e6 14. h3 Bf5
15. Rd1 Be4 16. Nd4 Rd8 17. Nc3 Bd5 18. Be3 Nc4 19. Bc1 Nxe5 20. Bf4 Nc4 21. b3
Nb2 22. Nxd5 Nxd1 23. Nc7+ Kd7 24. Rxd1 Kc8 25. Nxa6 Kb7 26. Nb8 c5 27. Nbc6
cxd4 28. Nxd8+ Kc8 29. Nxf7 Rg8 30. Rxd4 1-0

[Event "Torneo de Otoño C.C.C. 2014"]
[Site "Colmenarejo ESP"]
[Date "2014.10.05"]
[Round "2.1"]
[White "Perez De Villar Munoz, Eusebio"]
[Black "Mataix Fernandez, Ricardo"]
[Result "1-0"]
[WhiteElo "1981"]
[BlackElo "1796"]
[PlyCount "85"]
[EventDate "2014.09.28"]
[EventType "swiss"]
[EventRounds "7"]
[EventCountry "ESP"]
[Source "lmi"]
[SourceDate "2014.09.28"]

1. e4 e5 2. Nf3 Nc6 3. d4 exd4 4. Bc4 Be7 5. c3 Nf6 6. e5 Ng4 7. cxd4 d5 8. Bb3
h5 9. O-O Be6 10. Nc3 Qd7 11. Ng5 O-O-O 12. f4 Nh6 13. Nxe6 fxe6 14. Bc2 Rdf8
15. a3 Nf5 16. Ne2 h4 17. b4 Nd8 18. Rb1 Kb8 19. Ba4 Qc8 20. Bc2 g6 21. a4 Nf7
22. a5 N7h6 23. h3 Rhg8 24. b5 Nf7 25. b6 cxb6 26. axb6 a6 27. Rb3 Nd8 28. Rc3
Nc6 29. Ba4 Bb4 30. Rb3 a5 31. Ba3 Nfe7 32. Qd3 Qd8 33. Qb5 Nc8 34. Bxb4 axb4
35. Qc5 Qxb6 36. Bxc6 Qxc5 37. dxc5 bxc6 38. Rxb4+ Kc7 39. Rfb1 Re8 40. Nd4 Ne7
41. Rb7+ Kd8 42. Rb8+ Nc8 43. R1b7 1-0

[Event "Torneo de Otoño C.C.C. 2014"]
[Site "Colmenarejo ESP"]
[Date "2014.10.05"]
[Round "2.2"]
[White "Dominguez Coig, Alvaro"]
[Black "Serrano Martinez, Francisco Jo"]
[Result "0-1"]
[WhiteElo "1675"]
[BlackElo "1918"]
[PlyCount "54"]
[EventDate "2014.09.28"]
[EventType "swiss"]
[EventRounds "7"]
[EventCountry "ESP"]
[Source "lmi"]
[SourceDate "2014.09.28"]

1. e4 g6 2. d4 Bg7 3. f4 c5 4. c3 Qa5 5. Nf3 cxd4 6. Nxd4 Nc6 7. Be3 Nf6 8. Nb3
Qa4 9. e5 Qe4 10. Qf3 Qxf3 11. gxf3 Nd5 12. Bd2 Bh6 13. f5 Bxd2+ 14. N1xd2 Nxe5
15. fxg6 hxg6 16. O-O-O Ne3 17. Re1 Nxf1 18. Rexf1 d6 19. Nd4 Rh4 20. Kc2 Bh3
21. Rf2 Rc8 22. f4 Nc6 23. Nxc6 Rxc6 24. Re1 Be6 25. a3 Rc5 26. Kc1 Rch5 27.
Nf3 Rxf4 0-1

[Event "Torneo de Otoño C.C.C. 2014"]
[Site "Colmenarejo ESP"]
[Date "2014.10.05"]
[Round "2.8"]
[White "Juez Gastanaga, Aitor"]
[Black "Perea Unceta, Luis"]
[Result "0-1"]
[WhiteElo "1703"]
[BlackElo "1575"]
[PlyCount "92"]
[EventDate "2014.09.28"]
[EventType "swiss"]
[EventRounds "7"]
[EventCountry "ESP"]
[Source "lmi"]
[SourceDate "2014.09.28"]

1. e4 c6 2. Nc3 d5 3. Nf3 Bg4 4. h3 Bh5 5. exd5 cxd5 6. g4 Bg6 7. h4 h6 8. Bb5+
Nc6 9. Ne5 Rc8 10. Qf3 Nf6 11. d4 Be4 12. Bxc6+ bxc6 13. Nxe4 dxe4 14. Qd1 e6
15. c3 Bd6 16. g5 Bxe5 17. gxf6 Bxf6 18. Qg4 Qd5 19. O-O Qf5 20. Qxf5 exf5 21.
h5 g6 22. hxg6 fxg6 23. Bf4 g5 24. Bd6 h5 25. f4 g4 26. Be5 Kf7 27. Kg2 h4 28.
a4 h3+ 29. Kh2 Rcg8 30. Rg1 Ke6 31. Rad1 Rh7 32. d5+ cxd5 33. Bxf6 Kxf6 34.
Rxd5 Ke6 35. Re5+ Kf6 36. Ra5 Re8 37. Re1 Rd7 38. b4 Rd2+ 39. Kh1 Re7 40. Ra6+
Kf7 41. Ra5 Kf6 42. Ra6+ Re6 43. Rxa7 e3 44. Rh7 e2 45. Kg1 Rd1 46. Kf2 g3+ 0-1

[Event "Torneo de Otoño C.C.C. 2014"]
[Site "Colmenarejo ESP"]
[Date "2014.10.05"]
[Round "2.9"]
[White "Firth, Roy Arthur"]
[Black "Pozas Pozas, Juan A"]
[Result "1/2-1/2"]
[WhiteElo "1474"]
[BlackElo "1693"]
[PlyCount "65"]
[EventDate "2014.09.28"]
[EventType "swiss"]
[EventRounds "7"]
[EventCountry "ESP"]
[Source "lmi"]
[SourceDate "2014.09.28"]

1. e4 e5 2. Nf3 Nc6 3. d4 exd4 4. Nxd4 Nxd4 5. Qxd4 d6 6. Bc4 Be6 7. Bxe6 fxe6
8. O-O e5 9. Qd1 Nf6 10. Nc3 Be7 11. Bg5 Ng8 12. Bxe7 Nxe7 13. Qh5+ g6 14. Qh6
Qd7 15. Rad1 O-O-O 16. Qe3 Kb8 17. h3 Rhf8 18. f4 Nc6 19. a3 exf4 20. Rxf4 Ne5
21. b3 g5 22. Rxf8 Rxf8 23. Qxg5 Qe6 24. Rf1 Rg8 25. Qf5 Qe7 26. Qf6 Qe8 27. a4
b6 28. Nd5 Ng6 29. Qf7 Qd8 30. Qxh7 Ne5 31. Qe7 Qc8 32. Qh7 Rh8 33. Qf5 1/2-1/2

[Event "Torneo de Otoño C.C.C. 2014"]
[Site "Colmenarejo ESP"]
[Date "2014.10.05"]
[Round "2.10"]
[White "Martin Andres, Carlos"]
[Black "Orantes Sanz, Ricardo"]
[Result "0-1"]
[WhiteElo "1309"]
[BlackElo "1638"]
[PlyCount "144"]
[EventDate "2014.09.28"]
[EventType "swiss"]
[EventRounds "7"]
[EventCountry "ESP"]
[Source "lmi"]
[SourceDate "2014.09.28"]

1. e4 Nf6 2. Nc3 d6 3. d3 Nc6 4. d4 e5 5. d5 Ne7 6. Nf3 h6 7. Be2 g5 8. Be3 Ng6
9. Bb5+ Bd7 10. Bxd7+ Qxd7 11. Qe2 Nf4 12. Bxf4 gxf4 13. Qb5 c6 14. Qd3 Be7 15.
Nd2 Rg8 16. Qf3 Rg6 17. g3 Qh3 18. Rg1 Qxh2 19. Rh1 fxg3 20. fxg3 Qxg3+ 21.
Qxg3 Rxg3 22. Rxh6 Rg1+ 23. Nf1 Ng8 24. Rh5 Bg5 25. Kf2 Rg4 26. Nh2 Rf4+ 27.
Kg3 Be7 28. Rh8 O-O-O 29. Rf1 Bg5 30. Rh5 Rxf1 31. Nxf1 Bf4+ 32. Kf2 Nf6 33.
Rf5 Ng4+ 34. Kf3 Nh6 35. Rh5 Rf8 36. Ne2 f5 37. exf5 Nxf5 38. dxc6 bxc6 39.
Nxf4 Nd4+ 40. Kg2 Rxf4 41. c3 Nf5 42. Ng3 Ne3+ 43. Kg1 Nd1 44. Rh2 d5 45. Nf1
Rg4+ 46. Kh1 e4 47. Rd2 e3 48. Rxd1 e2 49. Re1 exf1=Q+ 50. Rxf1 Kb7 51. Kh2 Kb6
52. b3 a5 53. a4 Kc5 54. Ra1 d4 55. Rc1 dxc3 56. Rxc3+ Kb4 57. Rh3 c5 58. Rf3
c4 59. Kh3 Rd4 60. bxc4 Rxc4 61. Kg2 Kxa4 62. Kf2 Re4 63. Re3 Rxe3 64. Kxe3 Kb3
65. Kd3 a4 66. Kd2 Kb2 67. Kd3 a3 68. Kd2 a2 69. Kd3 a1=Q 70. Kd2 Qc1+ 71. Kd3
Qc3+ 72. Ke4 Qd2 0-1

[Event "Torneo de Otoño C.C.C. 2014"]
[Site "Colmenarejo ESP"]
[Date "2014.10.12"]
[Round "3.2"]
[White "Serrano Martinez, Francisco Jo"]
[Black "Vazquez Rodriguez, Maria Elena"]
[Result "1-0"]
[WhiteElo "1918"]
[BlackElo "1562"]
[PlyCount "71"]
[EventDate "2014.09.28"]
[EventType "swiss"]
[EventRounds "7"]
[EventCountry "ESP"]
[Source "lmi"]
[SourceDate "2014.09.28"]

1. e4 Nc6 2. Nf3 d6 3. Bc4 Nf6 4. Nc3 g6 5. d4 Bg4 6. Be3 Bg7 7. h3 Bxf3 8.
Qxf3 O-O 9. O-O a6 10. a3 Nd7 11. Ne2 Na5 12. Ba2 c5 13. b4 cxd4 14. Nxd4 Ne5
15. Qe2 Nac6 16. c3 Rc8 17. Rac1 Re8 18. f4 Nxd4 19. cxd4 Nc6 20. e5 e6 21.
Rfd1 Ne7 22. g4 Rxc1 23. Rxc1 dxe5 24. dxe5 Nd5 25. Bxd5 exd5 26. g5 Qd7 27.
Kg2 Rc8 28. Qd3 Rxc1 29. Bxc1 Qc6 30. Bb2 Bf8 31. Qd4 Be7 32. e6 Qc2+ 33. Kg3
f6 34. gxf6 Bxf6 35. Qxf6 Qd3+ 36. Kh4 1-0

[Event "Torneo de Otoño C.C.C. 2014"]
[Site "Colmenarejo ESP"]
[Date "2014.10.12"]
[Round "3.3"]
[White "Calle Redondo, Daniel"]
[Black "Garcia Diaz, Alejandro"]
[Result "0-1"]
[WhiteElo "1478"]
[BlackElo "1816"]
[PlyCount "52"]
[EventDate "2014.09.28"]
[EventType "swiss"]
[EventRounds "7"]
[EventCountry "ESP"]
[Source "lmi"]
[SourceDate "2014.09.28"]

1. e4 e6 2. d4 d5 3. exd5 exd5 4. Bd3 Nc6 5. Ne2 Nb4 6. Bf4 Nxd3+ 7. Qxd3 Nf6
8. Nd2 Bd6 9. O-O-O O-O 10. h4 Bxf4 11. Nxf4 Qd6 12. g3 b6 13. h5 h6 14. f3 c5
15. c3 a5 16. dxc5 bxc5 17. Nc4 Qc7 18. Nxd5 Nxd5 19. Qxd5 Be6 20. Qe5 Qc6 21.
Nd2 Bxa2 22. b3 a4 23. Kb2 axb3 24. g4 Rfe8 25. Qf4 Qa6 26. Nxb3 Qa3+ 0-1

[Event "Torneo de Otoño C.C.C. 2014"]
[Site "Colmenarejo ESP"]
[Date "2014.10.12"]
[Round "3.4"]
[White "Orantes Sanz, Ricardo"]
[Black "Lopez Perolio, Jorge"]
[Result "0-1"]
[WhiteElo "1638"]
[BlackElo "1835"]
[PlyCount "70"]
[EventDate "2014.09.28"]
[EventType "swiss"]
[EventRounds "7"]
[EventCountry "ESP"]
[Source "lmi"]
[SourceDate "2014.09.28"]

1. Nf3 f5 2. c4 Nf6 3. g3 g6 4. d3 Bg7 5. Bg2 d6 6. Nc3 O-O 7. Bd2 Qe8 8. b4 c6
9. a4 e5 10. O-O e4 11. dxe4 Nxe4 12. Ra3 Nxd2 13. Qxd2 Be6 14. Qd3 Nd7 15. Ng5
Ne5 16. Qxd6 Bxc4 17. Rd1 Nf7 18. Qf4 Ne5 19. Rd2 h6 20. Nf3 Nxf3+ 21. Bxf3 Bf7
22. Nd1 Rd8 23. Re3 Rxd2 24. Rxe8 Rxd1+ 25. Kg2 Rxe8 26. e4 Rd4 27. Qc7 fxe4
28. Bg4 Bd5 29. Kf1 Rxb4 30. Qd7 Rf8 31. Qd6 Rb1+ 32. Ke2 Rb2+ 33. Ke3 Kh7 34.
Be2 Rb3+ 35. Kd2 Rxf2 0-1

[Event "Torneo de Otoño C.C.C. 2014"]
[Site "Colmenarejo ESP"]
[Date "2014.10.12"]
[Round "3.5"]
[White "Fraga Suarez, Roberto"]
[Black "Perea Unceta, Luis"]
[Result "1-0"]
[WhiteElo "1810"]
[BlackElo "1575"]
[PlyCount "79"]
[EventDate "2014.09.28"]
[EventType "swiss"]
[EventRounds "7"]
[EventCountry "ESP"]
[Source "lmi"]
[SourceDate "2014.09.28"]

1. e4 c6 2. d4 d5 3. e5 c5 4. Nf3 Bg4 5. c3 Nc6 6. dxc5 e6 7. Be3 Bxf3 8. Qxf3
Nxe5 9. Bb5+ Nc6 10. b4 Nf6 11. O-O Be7 12. Nd2 O-O 13. h3 Qc7 14. Rfe1 Nd7 15.
Nb3 Bf6 16. Rac1 Rad8 17. a3 Rfe8 18. Bf4 Be5 19. Bg5 Bf6 20. Bf4 Be5 21. Be3
h6 22. Rcd1 Nf6 23. Bd3 a6 24. g3 Kh8 25. Nd4 Rd7 26. Rb1 Na7 27. a4 Rc8 28.
Rec1 Rdd8 29. b5 axb5 30. axb5 Qd7 31. Qe2 Rb8 32. Ra1 Nc8 33. Nf3 Bxg3 34.
fxg3 Ne7 35. Ne5 Qe8 36. Rf1 Kg8 37. Bxh6 Nf5 38. Bf4 Rbc8 39. g4 Ne7 40. Be3
1-0

[Event "Torneo de Otoño C.C.C. 2014"]
[Site "Colmenarejo ESP"]
[Date "2014.10.12"]
[Round "3.7"]
[White "Pena Negueruela, Francisco"]
[Black "Dominguez Coig, Alvaro"]
[Result "0-1"]
[WhiteElo "1372"]
[BlackElo "1675"]
[PlyCount "70"]
[EventDate "2014.09.28"]
[EventType "swiss"]
[EventRounds "7"]
[EventCountry "ESP"]
[Source "lmi"]
[SourceDate "2014.09.28"]

1. d4 Nf6 2. Nf3 e6 3. Bg5 Be7 4. Nc3 d5 5. h3 b6 6. e3 Bb7 7. Bd3 Nbd7 8. O-O
O-O 9. a3 c5 10. b3 Rc8 11. Qe2 cxd4 12. Nb5 a6 13. Nbxd4 e5 14. Nf5 e4 15.
Bxa6 Bxa6 16. Qxa6 exf3 17. Nxe7+ Qxe7 18. gxf3 Rxc2 19. Rfc1 Rxc1+ 20. Rxc1 h6
21. Bf4 Qe6 22. Qf1 Ne5 23. Qg2 Ng6 24. Bg3 Rc8 25. Re1 Rc3 26. Qf1 Rxb3 27. a4
Rb4 28. Ra1 Qd7 29. a5 bxa5 30. Rxa5 Nh5 31. Kh2 Nxg3 32. fxg3 Rb2+ 33. Kg1 Qc7
34. Ra1 Qxg3+ 35. Kh1 Qh2# 0-1

[Event "Torneo de Otoño C.C.C. 2014"]
[Site "Colmenarejo ESP"]
[Date "2014.10.12"]
[Round "3.9"]
[White "Melcon Diez, Enrique"]
[Black "Escanciano Reyero, Daniel"]
[Result "0-1"]
[WhiteElo "1623"]
[BlackElo "1648"]
[PlyCount "50"]
[EventDate "2014.09.28"]
[EventType "swiss"]
[EventRounds "7"]
[EventCountry "ESP"]
[Source "lmi"]
[SourceDate "2014.09.28"]

1. c4 e5 2. Nc3 f5 3. g3 Nf6 4. Nf3 Nc6 5. d4 e4 6. Nh4 d5 7. Bh3 g6 8. c5 Bg7
9. Bg5 O-O 10. e3 Nb4 11. Bf1 Be6 12. Qb3 Nc6 13. Qxb7 Ne7 14. Nb5 c6 15. Nd6
Rb8 16. Qxa7 Rxb2 17. Bg2 h6 18. Bxf6 Bxf6 19. Bh3 Rb8 20. O-O Ra8 21. Qb6 Qd7
22. Qb3 g5 23. Nhxf5 Nxf5 24. Qb7 Qxb7 25. Nxb7 Nxd4 0-1

[Event "Torneo de Otoño C.C.C. 2014"]
[Site "Colmenarejo ESP"]
[Date "2014.10.19"]
[Round "4.1"]
[White "Perez De Villar Munoz, Eusebio"]
[Black "Serrano Martinez, Francisco Jo"]
[Result "1-0"]
[WhiteElo "1981"]
[BlackElo "1918"]
[PlyCount "75"]
[EventDate "2014.09.28"]
[EventType "swiss"]
[EventRounds "7"]
[EventCountry "ESP"]
[Source "lmi"]
[SourceDate "2014.09.28"]

1. e4 c5 2. Nf3 Nc6 3. c4 g6 4. d4 cxd4 5. Nxd4 Bg7 6. Be3 Nf6 7. Nc3 Ng4 8.
Qxg4 Nxd4 9. Qd1 Ne6 10. Be2 O-O 11. O-O d6 12. Qd2 Bd7 13. f4 Rc8 14. Rad1 Bc6
15. Bf3 Re8 16. b4 b6 17. f5 Nf8 18. Bd4 Nd7 19. Bxg7 Kxg7 20. fxg6 hxg6 21.
Bg4 Ne5 22. Bxc8 Qxc8 23. Qd4 Rh8 24. Nd5 Bxd5 25. cxd5 Qa6 26. Rd2 Rc8 27. Re1
Qa3 28. Re3 Rc1+ 29. Kf2 Qa6 30. Re1 Rc4 31. Qb2 f6 32. h3 Qb5 33. a3 a5 34.
Kg3 axb4 35. Re3 Qc5 36. Qb3 bxa3 37. Qxa3 Rxe4 38. Qxc5 1-0

[Event "Torneo de Otoño C.C.C. 2014"]
[Site "Colmenarejo ESP"]
[Date "2014.10.19"]
[Round "4.2"]
[White "Garcia Diaz, Alejandro"]
[Black "Fraga Suarez, Roberto"]
[Result "0-1"]
[WhiteElo "1816"]
[BlackElo "1810"]
[PlyCount "108"]
[EventDate "2014.09.28"]
[EventType "swiss"]
[EventRounds "7"]
[EventCountry "ESP"]
[Source "lmi"]
[SourceDate "2014.09.28"]

1. e4 c5 2. Nf3 d6 3. d4 cxd4 4. Nxd4 Nf6 5. Nc3 a6 6. Bc4 e6 7. O-O Be7 8. Qf3
O-O 9. Qg3 Re8 10. Bh6 Bf8 11. Rad1 b5 12. Bd3 Bb7 13. Rfe1 Nbd7 14. Nb3 Qb6
15. Be3 Qc7 16. a3 Rad8 17. f4 Rc8 18. h4 Qb8 19. Bf2 e5 20. f5 Qc7 21. Qf3 Nb6
22. g4 d5 23. g5 Nxe4 24. Nxe4 dxe4 25. Bxe4 Bxe4 26. Qxe4 Nc4 27. g6 f6 28.
Qd5+ Kh8 29. gxh7 Kxh7 30. Qg2 Qf7 31. Re4 Nd6 32. Qg6+ Qxg6+ 33. fxg6+ Kxg6
34. Rg4+ Kh7 35. c3 Nc4 36. Rd7 Re7 37. Rd5 Re6 38. Nc5 Rec6 39. Nd7 Be7 40. b3
Nxa3 41. Nb6 Rd8 42. c4 bxc4 43. bxc4 Nc2 44. h5 Nb4 45. Rxd8 Bxd8 46. c5 a5
47. Nc4 Nd3 48. Be3 Nxc5 49. h6 g5 50. Bd2 Nb3 51. Be1 Kxh6 52. Rg3 a4 53. Ne3
Nd4 54. Rh3+ Kg7 0-1

[Event "Torneo de Otoño C.C.C. 2014"]
[Site "Colmenarejo ESP"]
[Date "2014.10.19"]
[Round "4.4"]
[White "Vazquez Rodriguez, Maria Elena"]
[Black "Mataix Fernandez, Ricardo"]
[Result "1-0"]
[WhiteElo "1562"]
[BlackElo "1796"]
[PlyCount "83"]
[EventDate "2014.09.28"]
[EventType "swiss"]
[EventRounds "7"]
[EventCountry "ESP"]
[Source "lmi"]
[SourceDate "2014.09.28"]

1. d4 Nf6 2. c4 c5 3. d5 b5 4. b3 g6 5. Bb2 d6 6. e4 Nbd7 7. Nd2 b4 8. Be2 Bg7
9. Rb1 O-O 10. f4 a5 11. e5 dxe5 12. fxe5 Ne8 13. Ngf3 Nb6 14. Bd3 Bd7 15. O-O
Nc7 16. Ne4 Na6 17. Nfg5 h6 18. Nxf7 Rxf7 19. Rxf7 Kxf7 20. e6+ Kg8 21. exd7
Qxd7 22. Qf3 Rf8 23. Qg3 Bxb2 24. Qxg6+ Bg7 25. Qxb6 Nc7 26. Qxc5 Ne8 27. Qb6
Nf6 28. Nc5 Qg4 29. Qe6+ Kh8 30. Qxg4 Nxg4 31. Ne6 Rf6 32. Nxg7 Kxg7 33. Rf1
Rxf1+ 34. Kxf1 Nxh2+ 35. Ke2 Ng4 36. Bf5 Ne5 37. c5 Nf7 38. c6 Kf6 39. Be6 Nd6
40. c7 Ke5 41. Kd3 h5 42. g3 1-0

[Event "Torneo de Otoño C.C.C. 2014"]
[Site "Colmenarejo ESP"]
[Date "2014.10.19"]
[Round "4.5"]
[White "Dominguez Coig, Alvaro"]
[Black "Calle Redondo, Daniel"]
[Result "1-0"]
[WhiteElo "1675"]
[BlackElo "1478"]
[PlyCount "53"]
[EventDate "2014.09.28"]
[EventType "swiss"]
[EventRounds "7"]
[EventCountry "ESP"]
[Source "lmi"]
[SourceDate "2014.09.28"]

1. e4 e6 2. d4 d5 3. e5 c5 4. c3 Nc6 5. Nf3 Qb6 6. Bd3 Bd7 7. O-O cxd4 8. cxd4
Nxd4 9. Nxd4 Qxd4 10. Nc3 Bb4 11. Qe2 Bxc3 12. bxc3 Qxc3 13. Bb2 Qa5 14. Rfc1
Ne7 15. Bc3 Qb6 16. Rab1 Qd8 17. Bb4 Nc6 18. Bd6 Rc8 19. Qg4 Rg8 20. Bxh7 g6
21. Bxg8 Ne7 22. Rxc8 Bxc8 23. Bh7 Bd7 24. h4 Nf5 25. Rxb7 Nxd6 26. exd6 Qc8
27. Qg5 1-0

[Event "Torneo de Otoño C.C.C. 2014"]
[Site "Colmenarejo ESP"]
[Date "2014.10.19"]
[Round "4.9"]
[White "Firth, Roy Arthur"]
[Black "Martin Andres, Carlos"]
[Result "0-1"]
[WhiteElo "1474"]
[BlackElo "1309"]
[PlyCount "39"]
[EventDate "2014.09.28"]
[EventType "swiss"]
[EventRounds "7"]
[EventCountry "ESP"]
[Source "lmi"]
[SourceDate "2014.09.28"]

1. e4 e6 2. Nf3 d5 3. exd5 exd5 4. d4 Bd6 5. Bd3 Ne7 6. O-O Bf5 7. Re1 Bxd3 8.
Qxd3 O-O 9. Ng5 Ng6 10. Nc3 c6 11. a3 Nd7 12. Bd2 Nf6 13. h3 Nf4 14. Bxf4 Bxf4
15. Qf5 Bd2 16. Re2 g6 17. Qe5 Re8 18. Qg3 Rxe2 19. Nxe2 Ne4 20. Nxh7 0-1

[Event "Torneo de Otoño C.C.C. 2014"]
[Site "Colmenarejo ESP"]
[Date "2014.10.19"]
[Round "4.10"]
[White "Pozas Pozas, Juan A"]
[Black "Pena Negueruela, Francisco"]
[Result "1-0"]
[WhiteElo "1693"]
[BlackElo "1372"]
[PlyCount "95"]
[EventDate "2014.09.28"]
[EventType "swiss"]
[EventRounds "7"]
[EventCountry "ESP"]
[Source "lmi"]
[SourceDate "2014.09.28"]

1. e4 e5 2. Nf3 Nc6 3. Bc4 Qf6 4. Nc3 Nd4 5. Nxd4 exd4 6. Nd5 Qc6 7. d3 b5 8.
Bb3 a5 9. a4 Ra7 10. axb5 Qxb5 11. Ba4 Qc5 12. b3 c6 13. Ba3 cxd5 14. Bxc5 Bxc5
15. exd5 Nf6 16. Qe2+ Kd8 17. O-O Re8 18. Qf3 Bb4 19. Qg4 Bc3 20. Ra2 d6 21.
Qg5 Rg8 22. Qf4 Ra6 23. Bc6 Bb4 24. Ra4 Kc7 25. f3 Bd7 26. Bxd7 Kxd7 27. Qxd4
Rc8 28. Rxb4 axb4 29. Qxb4 Raa8 30. Qb5+ Ke7 31. Re1+ Kf8 32. c4 Rab8 33. Qa6
Rd8 34. Qa7 Nd7 35. Qc7 Nf6 36. Re7 Nh5 37. Rxf7+ Kg8 38. Rd7 Re8 39. g4 Rbc8
40. Qxd6 Re1+ 41. Kf2 Rce8 42. gxh5 R1e2+ 43. Kg3 h6 44. Rd8 Rxd8 45. Qxd8+ Kh7
46. d6 Rd2 47. Qh4 Rxd3 48. Qe4+ 1-0